Statistics for Red Dead Redemption 2 Trivia

Click here to take the quiz!

General Stats

  • This quiz has been taken 531 times
  • The average score is 5 of 9

Answer Stats

QuestionAnswer% Correct
What two characters died during the Saint Denis Bank Robbery Mission? (first names)Lenny and Hosea
89%
What town did Arthur help Micah escape jail from?Strawberry
88%
What is the first Legendary Animal you hunt in the game?Legendary Bear
82%
What year was John Marston killed?1911
75%
Agent Milton's Partner?Agent Ross
71%
Who did Arthur have the choice of saving or letting die when he first entered Valentine?Jimmy Brooks
58%
What horse breed is "The Count"Arabian
47%
Who was the first dead gang member?Davey Callander
19%
Name of Elderly Fortune Teller?Blind Man Cassidy
14%

Score Distribution

Percentile by Number Answered

Percent of People with Each Score

Your Score History

You have not taken this quiz